| 000 | 00970nam a22002897a 4500 | ||
|---|---|---|---|
| 001 | 8294 | ||
| 003 | FISKH | ||
| 005 | 20260305142131.0 | ||
| 008 | 250908b cb ||||| |||| 00| 0 eng d | ||
| 020 | _a9780439430111 | ||
| 040 |
_aFISKH _beng _cFISKH _dFISKH |
||
| 050 | _aPZ7.P75186 M | ||
| 082 | _a880 | ||
| 100 |
_aPolacco, Patricia _d(1944-) |
||
| 245 |
_aMr. Lincoln's way / _cPatricia Polacco |
||
| 250 | _aThis edition first published in 2003 | ||
| 260 |
_aNew York : _bScholastic, _c2001 |
||
| 300 |
_a37 unnumbered pages : _bcolor illustrations ; _c28 cm |
||
| 505 | _aJ | ||
| 520 | _aWhen Mr. Lincoln, "the coolest principal in the whole world," discovers that Eugene, the school bully, knows a lot about birds, he uses this interest to help Eugene overcome his intolerance. | ||
| 521 | 8 |
_a440
_bLexile |
|
| 521 | 8 |
_aJ
_bRaz-Plus |
|
| 650 |
_2Prejudice _aPicture book |
||
| 650 |
_2Bullying _aRespect |
||
| 942 |
_2ddc _cBK _n0 |
||
| 999 |
_c8294 _d8294 |
||